A Companion to translation studies / (Record no. 7912)
[ view plain ]
| 000 -LEADER | |
|---|---|
| fixed length control field | 00648nam a22002052 4500 |
| 001 - CONTROL NUMBER | |
| control field | 0000009470 |
| 005 - DATE AND TIME OF LATEST TRANSACTION | |
| control field | 20151217152055.0 |
| 008 - FIXED-LENGTH DATA ELEMENTS--GENERAL INFORMATION | |
| fixed length control field | 081031s xx 000 0 eng d |
| 020 ## - INTERNATIONAL STANDARD BOOK NUMBER | |
| International Standard Book Number | 1853599569 : |
| Terms of availability | KES 1960 |
| 040 ## - CATALOGING SOURCE | |
| Original cataloging agency | KABU |
| Transcribing agency | KABU |
| 245 12 - TITLE STATEMENT | |
| Title | A Companion to translation studies / |
| Statement of responsibility, etc. | edited by Piotr Kuhiwczak and Karin Littau. |
| 260 ## - PUBLICATION, DISTRIBUTION, ETC. (IMPRINT) | |
| Place of publication, distribution, etc. | Clevedon : |
| Name of publisher, distributor, etc. | Multilingual Matters, |
| Date of publication, distribution, etc. | 2007. |
| 300 ## - PHYSICAL DESCRIPTION | |
| Extent | ix, 181 p. |
| 650 #0 - SUBJECT ADDED ENTRY--TOPICAL TERM | |
| Topical term or geographic name as entry element | Translating and interpreting. |
| -- | 0000160963 |
| 700 1# - ADDED ENTRY--PERSONAL NAME | |
| Personal name | Kuhiwczak, Piotr. |
| -- | 0000160964 |
| 700 1# - ADDED ENTRY--PERSONAL NAME | |
| Personal name | Littau, Karin. |
| -- | 0000160965 |
| 908 ## - PUT COMMAND PARAMETER (RLIN) | |
| Put command parameter | 081031 |
| 950 ## - LOCAL HOLDINGS (RLIN) | |
| -- | 1 |
| Withdrawn status | Lost status | Source of classification or shelving scheme | Not for loan | Home library | Current library | Date acquired | Total Checkouts | Full call number | Barcode | Date last seen | Price effective from | Koha item type |
|---|---|---|---|---|---|---|---|---|---|---|---|---|
| Library of Congress Classification | Kabarak, Main Campus | Kabarak, Main Campus | 17/12/2015 | P306 .C66 c. 1 | 15090 | 17/12/2015 | 17/12/2015 | General Collection |